A-Z: names ending in D - Statistics

General Stats
  • This quiz has been taken 37 times
  • The average score is 13 of 26
Answer Stats
Initial letter Clue Name ending in D % Correct
E The name of many English kings Edward
100%
M Arabian who founded Islam in the 7th century Muhammad
94%
R First name of Scottish pop singer Stewart Rod
94%
H Evil king in the Bible Herod
91%
G Supposed all-powerful being God
85%
D German city known for its football team, Borussia Dortmund
74%
Z Danish island which a country is named after Zealand
74%
C Massachusetts peninsula Cape Cod
71%
T Ned Flanders' son from The Simpsons Todd
62%
P The guitarist from The Who Pete Townshend
59%
F City in Pakistan Faisalabad
53%
L West Yorkshire football team Leeds United
50%
B The surname of the only member of ZZ Top who didn't have a beard Beard
41%
J First name of quarterback Goff and DE Allen Jared
41%
K Scottish pirate captain of the 1600s Kidd
41%
Q The main character in Total Recall Quaid
38%
W Javelin thrower Fatima Whitbread
35%
O Actress who starred in Gone With The Wind Olivia de Havilland
32%
S Golfing great who had a record 82 PGA tour wins Sam Snead
32%
A Swedish-speaking island region of Finland Aland
29%
U Muslim caliphate of 661–750 AD Umayyad
26%
N Moon of Pluto named after the daughters of Nereus Nereid
18%
V Swiss canton where Lausanne is located Vaud
9%
Y ______ Mynach, town in south Wales Ystrad
9%
I Jordanian city Irbid
6%
X Chippewa Indian chief who played in the NFL in the 1920s Xavier Downwind
0%
No matching quizzes found
Score Distribution
Percent of People with Each Score
Percentile by Number Answered
Your Score History
You have not taken this quiz